| 000 | 00468nam a2200169 a 4500 | ||
|---|---|---|---|
| 001 | 314 | ||
| 003 | CO-ViMGA | ||
| 008 | 141112s2004 ck r 000 u spa d | ||
| 040 |
_aCO-ViMGA _bspa _cCO-ViMGA |
||
| 082 | 0 | 4 | _a582.16 N435 |
| 100 | 1 |
_aNiembro Rocas, Anibal _948071 |
|
| 245 | 1 | 0 |
_aSemillas de árboles y arbustos : _bOntogenia y estructura |
| 260 |
_aMexico : _bLimusa, _c1988 |
||
| 300 | _a285 p : il | ||
| 650 | 1 | 4 |
_aARBOLES - SEMILLAS _948072 |
| 942 |
_2ddc _cBK |
||
| 999 |
_c12559 _d12559 |
||